000
00182nam a22000857a 4500
020
_a
9789387054080
082
_a
K423
245
_a
DISCOVER PHONICS - WORD FAMILIES - BOOK 3
942
_c
BK
999
_c
6485
_d
6485